Statistiken für Alle Bahnhöfe in NRW an denen mindestens 2 Linien halten (ohne S-Bahn)

Klicken Sie hier um das Quiz zu spielen!

Allgemein

  • Dieses Quiz wurde 58 mal gespielt
  • Das Durchschnittsergebnis liegt bei 58 aus 215

Antwortstatistiken

HintAntwort% Korrekt
.Düsseldorf Hauptbahnhof
89%
.Köln Hauptbahnhof
89%
.Duisburg Hauptbahnhof
83%
.Aachen Hauptbahnhof
81%
.Bonn Hauptbahnhof
74%
.Bielefeld Hauptbahnhof
72%
.Essen Hauptbahnhof
72%
.Wuppertal Hauptbahnhof
72%
.Dortmund Hauptbahnhof
68%
.Mönchengladbach Hauptbahnhof
66%
.Münster Hauptbahnhof
66%
.Bochum Hauptbahnhof
64%
.Hamm Hauptbahnhof
64%
.Neuss Hauptbahnhof
64%
.Siegen Hauptbahnhof
64%
.Düren
62%
.Köln Messe Deutz
60%
.Krefeld Hauptbahnhof
60%
.Paderborn Hauptbahnhof
60%
.Solingen Hauptbahnhof
60%
.Gelsenkirchen Hauptbahnhof
55%
.Hagen Hauptbahnhof
55%
.Oberhausen Hauptbahnhof
55%
.Iserlohn
51%
.Wesel
51%
.Düsseldorf Flughafen
49%
.Herne
49%
.Bottrop Hauptbahnhof
47%
.Dormagen
47%
.Leverkusen Mitte
47%
..Lüdenscheid
47%
.Recklinghausen Hauptbahnhof
47%
.Euskirchen
45%
.Köln Süd
45%
.Soest
45%
.Troisdorf
45%
.Minden
43%
.Rheydt Hauptbahnhof
43%
.Unna
43%
.Wattenscheid
43%
.Aachen West
40%
.Brühl
40%
.Greven
40%
.Gütersloh Hauptbahnhof
40%
.Moers
40%
.Mülheim Hauptbahnhof
40%
.Viersen
40%
.Aachen Rothe Erde
38%
.Bonn Bad Godesberg
38%
.Herne Wanne-Eickel Hauptbahnhof
38%
.Köln Bonn Flughafen
38%
..Düsseldorf Benrath
36%
.Erkelenz
36%
.Geilenkirchen
36%
.Köln Ehrenfeld
36%
.Witten Hauptbahnhof
36%
..Wuppertal Oberbarmen
36%
.Ahlen
34%
.Coesfeld
34%
.Dinslaken
34%
.Dorsten
34%
.Herford
34%
.Köln Mülheim
34%
.Köln West
34%
.Rheine
34%
.Schwerte
34%
.Wuppertal Vohwinkel
34%
.Arnsberg
32%
.Castrop-Rauxel Hauptbahnhof
32%
.Düsseldorf Bilk
32%
.Ennepetal
32%
.Eschweiler Hauptbahnhof
32%
.Grevenbroich
32%
.Horrem
32%
.Kamen
32%
.Lippstadt
32%
.Schwelm
32%
.Aachen Schanz
30%
.Detmold
30%
.Herzogenrath
30%
.Königswinter
30%
.Stolberg Hauptbahnhof
30%
.Wuppertal Barmen
30%
.Bad Oeynhausen
28%
.Bonn Beuel
28%
.Bonn UN Campus
28%
.Essen Steele
28%
.Hürth Kalscheuren
28%
.Krefeld Uerdingen
28%
.Lünen Hauptbahnhof
28%
.Porta Westfalica
28%
.Rheda-Wiedenbrück
28%
.Wetter
28%
.Essen West
26%
..Kreuztal
26%
.Langerwehe
26%
.Übach-Palenberg
26%
.Altenbeken
23%
.Emsdetten
23%
.Haltern am See
23%
.Hamm Heessen
23%
.Holzwickede
23%
.Iserlohn Letmathe
23%
.Kall
23%
.Lindern
23%
.Mülheim Styrum
23%
.Au
21%
.Bad Honnef
21%
.Bielefeld Brackwede
21%
.Bonn Mehlem
21%
.Dortmund Hörde
21%
.Dülmen
21%
.Finnentrop
21%
.Gronau
21%
.Kamen Methler
21%
.Opladen
21%
.Altena
19%
.Beckum Neubeckum
19%
.Dortmund Scharnhorst
19%
.Hückelhoven Baal
19%
.Krefeld Oppum
19%
.Löhne
19%
.Münster Hiltrup
19%
.Oberhausen Holten
19%
.Oelde
19%
.Porz
19%
.Rheinhausen
19%
.Voerde
19%
.Warburg
19%
.Bönen
17%
.Dortmund Mengede
17%
.Erftstadt
17%
.Essen Altenessen
17%
.Fröndenberg
17%
.Ibbenbüren
17%
.Krefeld Linn
17%
.Menden
17%
.Oberhausen Sterkrade
17%
.Plettenberg
17%
.Pulheim
17%
.Recklinghausen Süd
17%
.Bonn Oberkassel
15%
.Bünde
15%
.Dortmund Kurl
15%
.Dortmund Signal Iduna Park
15%
.Drensteinfurt
15%
.Essen Dellwig
15%
.Essen Zollverein Nord
15%
.Jüchen
15%
.Krefeld Hohenbudberg Chempark
15%
.Lennestadt Altenhundem
15%
.Meerbusch Osterath
15%
.Meschede
15%
.Rheinhausen Ost
15%
.Rheydt Odenkirchen
15%
.Roisdorf
15%
.Siegen Weidenau
15%
.Werdohl
15%
.Bedburg
13%
.Brilon Wald
13%
.Duisburg Hochfeld Süd
13%
.Niederdollendorf
13%
.Anrath
11%
.Bönen Nordbögge
11%
.Brake
11%
.Brilon Stadt
11%
.Erndtebrück
11%
.Forsthaus
11%
.Friedrichsfeld
11%
.Hohenlimburg
11%
.Lage
11%
.Lengerich
11%
.Marl Sinsen
11%
.Mechernich
11%
.Ostbevern
11%
.Rhöndorf
11%
.Stommeln
11%
.Westbevern
11%
.Wickede
11%
.Bornheim Sechtem
9%
.Dortmund Derne
9%
..Dortmund Kirchderne
9%
.Hiddenhausen Schweicheln
9%
.Kirchlengern
9%
.Kohlscheid
9%
.Lüdenscheid Brügge
9%
.Münster Zentrum Nord
9%
.Rommerskirchen
9%
.Weilerswist
9%
.Bestwig
6%
.Gladbeck Zweckel
6%
.Hochneukirch
6%
.Ibbenbüren Esch
6%
.Ibbenbüren Laggenbeck
6%
.Kattenvenne
6%
.Lünen Preußen
6%
.Olsberg
6%
.Feldhausen
4%
.Friedrich Wilhelmshütte
4%
.Höxter Ottbergen
4%
.Isselhorst Avenwedde
4%
.Oeventrop
4%
.Arnsberg Nieheim Hüsten
2%
.Eiserfeld
2%
.Essen Borgebeck
2%
.Horn-Bad Meinberg
2%
.Hörstel
2%
.Kirchhundem Welschen Ennest
2%
.Lennestadt Grevenbrück
2%
.Letmathe Drachenhöhle
2%
.Meschede Freienohl
2%
.Niederschelden Nord
2%
.Oerlinghausen
2%
.Siegen Geisweid
2%
.Wilnsdorf Rudersdorf
2%

Verteilung der Resultate

Perzentil nach korrekt beantworteten Fragen

Anzahl Personen mit jedem Resultat

Ihre Resultats-Entwicklung

Sie haben dieses Quiz noch nicht gespielt